| 000 | 00310nam a2200121Ia 4500 | ||
|---|---|---|---|
| 008 | 230907s9999||||xx |||||||||||||| ||und|| | ||
| 082 |
_a697.92 _bKHA |
||
| 100 |
_aKhalil, E. E. _9115358 |
||
| 245 | 0 | _aAir distribution in buildings / | |
| 260 |
_aCRC Press, _c2014 |
||
| 300 | _axvii, 237 pages : | ||
| 942 | _cBK | ||
| 999 |
_c599863 _d599863 |
||